000 00859nam a22002537a 4500
005 20170123162337.0
010 _aA-998687
020 _c35.00
035 _aA-998687
037 _bCen Lib/Ret
040 _aDPL
_bUR
082 _a920
_bی ا د
245 _aیاد کیجئے ہمارے رہنما /
_cمرتجم رفیق موحمد شاستری
246 _aYaad kijiye hamare rehnuma /
_btraslated by Rafeeq Mohamad Shastri
260 _aنیی دہلی
_bچلڈرن بک ٹرسٹ
_c1993
270 _bنیی دہلی
300 _a106p
_c19cm(Hb)
650 _aادب -- اردو
_9124769
650 _aاردو سوانے عمری
_9124770
650 _aLiterature -- Urdu
_9124771
650 _aUrdu biography
_9511
700 _aرفیق موحمد شاستری
_9117788
942 _2ddc
_cUR
_h920
_mی ا د
999 _c108225
_d108225